Catálogo - Centro de Recursos para el Aprendizaje y la Investigación

Volver al Sitio - CRAI Biblioteca

La universidad y el aprendizaje-servicio : (Registro nro. 113644)

Detalles MARC
000 -CABECERA
campo de control de longitud fija 02041nam a22002897a 4500
001 - NÚMERO DE CONTROL
campo de control 113644
003 - IDENTIFICADOR DEL NÚMERO DE CONTROL
campo de control DR-UNIBE
005 - FECHA Y HORA DE LA ÚLTIMA TRANSACCIÓN
campo de control 20251203141445.0
008 - DATOS DE LONGITUD FIJA--INFORMACIÓN GENERAL
campo de control de longitud fija 250516b2024 sp ||||| |||| 00| 0 spa d
020 ## - NÚMERO INTERNACIONAL ESTÁNDAR DEL LIBRO
Número Internacional Estándar del Libro 9788427732292
040 ## - FUENTE DE LA CATALOGACIÓN
Centro catalogador/agencia de origen BIBLIOTECA UNIBE
Centro/agencia transcriptor BIBLIOTECA UNIBE
Normas de descripción rda
041 ## - CÓDIGO DE LENGUA
Código de lengua del texto/banda sonora o título independiente spa
082 ## - NÚMERO DE LA CLASIFICACIÓN DECIMAL DEWEY
Número de clasificación 378 S237u
100 ## - ENTRADA PRINCIPAL--NOMBRE DE PERSONA
Nombre de persona Santos Rego, Miguel Ángel
Término indicativo de función/relación autor
9 (RLIN) 195628
245 13 - MENCIÓN DE TÍTULO
Título La universidad y el aprendizaje-servicio :
Resto del título lo que importa es la calidad /
Mención de responsabilidad, etc. Miguel Ángel Santos Rego, Daniel Sáez Gambín, María do Mar Lorenzo Moledo
260 ## - PUBLICACIÓN, DISTRIBUCIÓN, ETC.
Lugar de publicación, distribución, etc. Madrid :
Nombre del editor, distribuidor, etc. Narcea ,
Fecha de publicación, distribución, etc. 2024
300 ## - DESCRIPCIÓN FÍSICA
Extensión 238 páginas :
Otras características físicas ilustraciones
490 ## - MENCIÓN DE SERIE
Mención de serie Universitaria
505 ## - NOTA DE CONTENIDO CON FORMATO
Nota de contenido con formato 1. El aprendizaje-servicio: origen, influencias e historia |<br/>2. El aprendizaje-servicio y la universidad del siglo XXI |<br/>3. La calidad en el aprendizaje-servicio |<br/>4. El Valor de la Calidad en los proyectos de aprendizaje-servicio |<br/>
520 ## - SUMARIO, ETC.
Sumario, etc. Sin duda, una de las metodologías educativas innovadoras en la universidad actual es el Aprendizaje-Servicio (ApS). Con una orientación epistémica de corte pragmatista, conecta currículo y necesidades existentes en la comunidad, de modo que articula una pedagogía esencial para que el alumnado avance vinculando la construcción de conocimiento a un compromiso de tipo social. Ahora bien, su proliferación en la educación superior ha servido también para advertir de que los proyectos de ApS han de servir a propósitos de calidad en su elaboración, implementación y evaluación, dentro y fuera de las aulas. Esa, y no otra, es la clave de bóveda del presente volumen, a fin de que la búsqueda de calidad en tales iniciativas exija ir más allá de objetivos o metas superficiales en la tarea de formar, en y desde la universidad del siglo XXI
650 #7 - PUNTO DE ACCESO ADICIONAL DE MATERIA--TÉRMINO DE MATERIA
Fuente del encabezamiento o término lemb
Término de materia o nombre geográfico como elemento de entrada Educación superior
650 #7 - PUNTO DE ACCESO ADICIONAL DE MATERIA--TÉRMINO DE MATERIA
Fuente del encabezamiento o término lemb
Término de materia o nombre geográfico como elemento de entrada Innovaciones educativas
653 ## - TÉRMINO DE INDIZACIÓN--NO CONTROLADO
Término no controlado Calidad educativa
700 1# - PUNTO DE ACCESO ADICIONAL--NOMBRE DE PERSONA
Nombre de persona Lorenzo Moledo, Mar
Término indicativo de función/relación autor
9 (RLIN) 195580
700 1# - PUNTO DE ACCESO ADICIONAL--NOMBRE DE PERSONA
Nombre de persona Sáez Gambín, Daniel
Término indicativo de función/relación autor
9 (RLIN) 195581
942 ## - ELEMENTOS DE PUNTO DE ACCESO ADICIONAL (KOHA)
Fuente del sistema de clasificación o colocación Sistema de Clasificación Decimal Dewey
Tipo de ítem Koha Libro (general)
Existencias
Estado de retiro Estado de pérdida Fuente del sistema de clasificación o colocación No para préstamo Código de colección Localización permanente Fecha de adquisición Total de préstamos Signatura topográfica completa Código de barras Fecha visto por última vez Fecha del último préstamo Número de copia Precio válido a partir de Tipo de ítem Koha
  Disponible Sistema de Clasificación Decimal Dewey   General Biblioteca Central UNIBE 16/05/2025 1 378 S237u 250592 21/05/2025 21/05/2025 Ej. 1 16/05/2025 Libro (general)